| 000 | 00352nam a22000977a 4500 | ||
|---|---|---|---|
| 999 |
_c526837 _d526837 |
||
| 082 | _aSNT AB45 P881b | ||
| 100 |
_aA.C. Bhaktivedanta Swami Prabhupada _946398 |
||
| 245 |
_aBeyond Illusion & doubt: A vedic perspective on western philosophy _bby A.C. Bhaktivedanta Swami Prabhupada |
||
| 260 |
_aMumbai _bBhaktivedanta book trust _c2002 |
||
| 300 | _a260p | ||